Finanziaria 2007 Provvedimenti in materia di Politiche giovanili
সংরক্ষণ করুন:
| সংস্থা লেখক: | |
|---|---|
| বিন্যাস: | গ্রন্থ |
| ভাষা: | ইংরেজি |
| প্রকাশিত: |
Roma
Ministero per le Politiche giovanili e le Attività sportive
2006
|
| ট্যাগগুলো: |
কোনো ট্যাগ নেই, প্রথমজন হিসাবে ট্যাগ করুন!
|
MARC
| LEADER | 00000nam a2200000 4500 | ||
|---|---|---|---|
| 005 | 20240529185419.0 | ||
| 008 | 240529b |||||||| |||| 00| 0 eng d | ||
| 040 | |c GP | ||
| 110 | |a Ministero per le Politiche giovanili e le Attività sportive | ||
| 245 | |a Finanziaria 2007 |b Provvedimenti in materia di Politiche giovanili | ||
| 260 | |a Roma |b Ministero per le Politiche giovanili e le Attività sportive |c 2006 | ||
| 942 | |2 ddc |c BK |n 0 | ||
| 952 | |0 0 |1 0 |2 ddc |4 0 |6 343_034000000000000_POG |7 1 |9 1324 |a RM |b RM |d 2024-05-29 |l 0 |o 343.034 POG |p 150 |r 2024-05-29 18:54:42 |w 2024-05-29 |y BK | ||
| 999 | |c 1221 |d 1221 | ||